| 000 | 00467nam a2200157 i 4500 | ||
|---|---|---|---|
| 001 | 56416 | ||
| 003 | ES-MaACL | ||
| 005 | 20230906163350.0 | ||
| 007 | t| | ||
| 008 | 031009s1977 sp ||||1| spa d | ||
| 245 | 0 | 0 |
_aDiccionario de términos e ismos literarios / _cautores: René Jara ... [et al.]. |
| 260 |
_aMadrid : _bJosé Porrúa Turanzas, _c[1977] |
||
| 300 |
_aVII, 192 p. ; _c22 cm. |
||
| 700 | 1 |
_aJara, René. _966089 |
|
| 852 |
_aES-MaACL _jA-9561 _bR.98662 |
||
| 999 |
_c56416 _d56416 |
||